ha-Noʻar ha-dati

Saved in:
Bibliographic Details
Corporate Author: ʻAruts ha-Tekhelet.
Other Authors: Brener-Ginzburg, ʻAlizah., Maivsḳi, Sharon., Shapira Rozenberg, Efrat., Shaḥar, Mosheh.
Format: Slide
Language:Hebrew
Published: Mevaśeret Tsiyon : Tekhelet tiḳshoret, 2003.
Series:Tsenuʻot ṿeha-ḥasudot ; v. 18.1.
Subjects:
Tags: Add Tag
No Tags, Be the first to tag this record!
LEADER 01176ngm a22003017u 4500
001 009281132-9
005 20070202124643.0
008 910806s2003 is ||| |||||| |v|heb|d
035 0 |a ocn234383927 
245 0 3 |a ha-Noʻar ha-dati  |h [videorecording] /  |c magishot: Sharon Maivsḳi, Efrat Shapira Rozenberg ṿe-ʻAlizah Brener Ginzburg ; bamai: Mosheh Shaḥar. 
260 |a Mevaśeret Tsiyon :  |b Tekhelet tiḳshoret,  |c 2003. 
300 |a 1 videocassette (VHS PAL) :  |b col.  |3 (original) 
300 |a 1 videodisc (DVD PAL) :  |b col.  |3 (preservation digital copy) 
490 1 |a Tsenuʻot ṿeha-ḥasudot ;  |v v. 18.1 
500 |a Videorecording of television series produced by ʻAruts ha-Tekhelet in 2003. 
655 7 |a DVD-Video discs  |2 lcsh 
655 7 |a Videotapes.  |2 local 
690 9 |a Orthodox Jews  |z Israel. 
650 0 |a Jewish women  |x Religious life  |z Israel. 
650 0 |a Jewish youth  |x Religious life. 
700 1 |a Brener-Ginzburg, ʻAlizah. 
700 1 |a Maivsḳi, Sharon. 
700 1 |a Shapira Rozenberg, Efrat. 
700 1 |a Shaḥar, Mosheh. 
710 2 |a ʻAruts ha-Tekhelet. 
830 0 |a Tsenuʻot ṿeha-ḥasudot ;  |v v. 18.1. 
988 |a 20040202 
906 |0 MH